000 00730nam a2200229 i 4500
001 180060
003 ES-MaACL
005 20251120063150.0
008 120404s2011 sp a |||| | spa d
020 _a978-84-936839-5-5
080 _a821.134.2-14"19"
100 1 _aMartínez Díez, Ana
_9149740
245 1 0 _aVértigo en la noche /
_cAna Martínez ; [prólogo, Isabel Díez Serrano].
250 _a1ª ed.
260 _a[Sevilla] :
_bAsociación Cultural Myrtos Gramma Al manar,
_c2011.
300 _a61 p. :
_bil. ;
_c21 cm.
490 1 _aÉrato de poesía
700 1 _aDíez Serrano, Isabel.
_944650
830 0 _aÉrato de poesía
_9224588
852 _aES-MaACL
_j2309-F-19
999 _c180060
_d180060